000 00702nam a2200241Ia 4500
003 OSt
005 20220918202406.0
006 a|||||r|||| 00| 0
007 ta
008 220917b |||||||| |||| 00| 0 eng d
024 _a100,901
037 _cTextual
040 _aARTS
_cARTS
_beng
041 _2eng
_aeng
082 _aV2:73:D5g, D8
110 _aBritish Museum
245 0 _aCatalogue of the coins of the Andhra dynasty the western Ksatrapas the Traikutaka dynasty and the Bodhi dynasty, comp. by Edward James Rapson
260 _aNA
_bNA
_c1908
650 _aHISTORY
700 _aBritish Museum
942 _hV2:73:D5g, D8
_cTEXL
_2CC
999 _c224418
_d224418